<?xml version="1.0" encoding="UTF-8"?>
<record
    xmlns:xsi="http://www.w3.org/2001/XMLSchema-instance"
    xsi:schemaLocation="http://www.loc.gov/MARC21/slim http://www.loc.gov/standards/marcxml/schema/MARC21slim.xsd"
    xmlns="http://www.loc.gov/MARC21/slim">

  <leader>02816nam a2200313 a 4500</leader>
  <controlfield tag="001">BRCA_2473</controlfield>
  <controlfield tag="005">20190320203827.0</controlfield>
  <controlfield tag="008">201108s1833----sp-#---###---#000-0#spa-u</controlfield>
  <datafield tag="041" ind1=" " ind2=" ">
    <subfield code="a">spa</subfield>
  </datafield>
  <datafield tag="044" ind1=" " ind2=" ">
    <subfield code="a">sp</subfield>
  </datafield>
  <datafield tag="084" ind1=" " ind2=" ">
    <subfield code="a">113</subfield>
    <subfield code="b">.A38</subfield>
    <subfield code="c">1833</subfield>
  </datafield>
  <datafield tag="100" ind1="1" ind2=" ">
    <subfield code="a">Cervantes Saavedra, Miguel de</subfield>
    <subfield code="d">1547-1616</subfield>
    <subfield code="9">213</subfield>
  </datafield>
  <datafield tag="245" ind1="1" ind2="0">
    <subfield code="a">El Ingenioso Hidalgo Don Quijote de la Mancha</subfield>
    <subfield code="c">compuesto por Miguel de Cervantes Saavedra.</subfield>
  </datafield>
  <datafield tag="260" ind1=" " ind2=" ">
    <subfield code="a">Madrid</subfield>
    <subfield code="b">D. E. Aguado</subfield>
    <subfield code="c">1833</subfield>
  </datafield>
  <datafield tag="300" ind1=" " ind2=" ">
    <subfield code="a">6 v.</subfield>
    <subfield code="c">22 cm.</subfield>
  </datafield>
  <datafield tag="500" ind1=" " ind2=" ">
    <subfield code="a">Contenido : v 1. Primera parte. Pr&#xF3;logo por Diego Clemenc&#xED;n. Dedicatoria del autor. Pr&#xF3;logo del autor. Versos preliminares. Texto. -- v 2. Texto. -- v 3. Texto. -- v 4. Segunda parte. Dedicatoria del autor. Pr&#xF3;logo del autor. Texto. -- v 5. Texto. -- v 6. Texto. Variantes de la edici&#xF3;n acad&#xE9;mica de 1819. Comentario de Clemenc&#xED;n. Texto</subfield>
  </datafield>
  <datafield tag="500" ind1=" " ind2=" ">
    <subfield code="a">El comentario de Clemenc&#xED;n que acompa&#xF1;a esta edici&#xF3;n es uno de los m&#xE1;s extensos en cuanto al n&#xFA;mero de notas. Conocedor, mucho m&#xE1;s que Pellicer, de las obras y de los autores coet&#xE1;neos de Cervantes, Clemenc&#xED;n pec&#xF3; de demasiado prolijo y extenso, en muchos aspectos superfluo, y hasta injusto con Cervantes. En suma, el Comentario de Clemenc&#xED;n a&#xFA;n hoy d&#xED;a figura en primera l&#xED;nea en cuanto a notas referentes a los libros de caballer&#xED;a que conoc&#xED;a como nadie; las notas hist&#xF3;ricas y las literarias, representan una s&#xED;ntesis de cuanto acerca de estos temas se conoc&#xED;a en la &#xE9;poca de su autor; las relativas a filolog&#xED;a, son hoy por hoy inaceptables, pues quer&#xED;a Clemenc&#xED;n que Cervantes, viviendo en los siglos XVI y XVII, escribiera en el estilo y lenguaje del XIX; y las concernientes al enfoque ideol&#xF3;gico y pol&#xED;tico, son para aquellas fechas hist&#xF3;ricas, del todo anticuadas, dado que en pleno siglo diecinueve, consideraba la gran novela como una simple y sencilla burla de los libros caballerescos y nada m&#xE1;s. Pero, a pesar de tales defectos, sus notas han sido y ser&#xE1;n &#xFA;ltiles a cuantos han comentado o intenten comentar y analizar el Quijote. Adem&#xE1;s del comentario de Clemenc&#xED;n, contiene el pr&#xF3;logo del mismo por Alberto Lista, y retrato del anotador. La impresi&#xF3;n y el papel son excelentes. Semipiel; lomos con adornos dorados L&#xFA;dovik Osterc</subfield>
  </datafield>
  <datafield tag="500" ind1=" " ind2=" ">
    <subfield code="a">Estado f&#xED;sico : Recuperaci&#xF3;n f&#xED;sica en 2008</subfield>
  </datafield>
  <datafield tag="500" ind1=" " ind2=" ">
    <subfield code="a">QM93</subfield>
  </datafield>
  <datafield tag="650" ind1="1" ind2="4">
    <subfield code="a">Novela espa&#xF1;ola</subfield>
    <subfield code="y">&#xC9;poca cl&#xE1;sica, 1500-1700</subfield>
    <subfield code="9">215</subfield>
  </datafield>
  <datafield tag="650" ind1="1" ind2="4">
    <subfield code="a">Literatura espa&#xF1;ola</subfield>
    <subfield code="y">&#xC9;poca cl&#xE1;sica, 1500-1700</subfield>
    <subfield code="9">216</subfield>
  </datafield>
  <datafield tag="650" ind1="1" ind2="4">
    <subfield code="a">Novela espa&#xF1;ola</subfield>
    <subfield code="y">Siglo XVII</subfield>
    <subfield code="9">217</subfield>
  </datafield>
  <datafield tag="650" ind1="1" ind2="4">
    <subfield code="a">Don Quijote (Personaje ficticio)</subfield>
    <subfield code="e">Novela</subfield>
    <subfield code="9">218</subfield>
  </datafield>
  <datafield tag="700" ind1="1" ind2=" ">
    <subfield code="a">Clemenc&#xED;n y Vi&#xF1;as, Diego</subfield>
    <subfield code="d">1785-1834</subfield>
    <subfield code="e">Anotador</subfield>
    <subfield code="9">7170</subfield>
  </datafield>
  <datafield tag="700" ind1="1" ind2=" ">
    <subfield code="a">Rodriguez de Lista y Arag&#xF3;n, Alberto</subfield>
    <subfield code="d">1775-1848</subfield>
    <subfield code="e">Prologuista</subfield>
    <subfield code="9">7171</subfield>
  </datafield>
  <datafield tag="740" ind1="0" ind2=" ">
    <subfield code="a">El Ingenioso Hidalgo Don Quijote de la Mancha</subfield>
  </datafield>
  <datafield tag="902" ind1=" " ind2=" ">
    <subfield code="a">QFM</subfield>
  </datafield>
  <datafield tag="942" ind1=" " ind2=" ">
    <subfield code="2">lcc</subfield>
    <subfield code="c">B</subfield>
  </datafield>
  <datafield tag="999" ind1=" " ind2=" ">
    <subfield code="c">2214</subfield>
    <subfield code="d">2214</subfield>
  </datafield>
  <datafield tag="952" ind1=" " ind2=" ">
    <subfield code="0">0</subfield>
    <subfield code="1">0</subfield>
    <subfield code="4">0</subfield>
    <subfield code="7">0</subfield>
    <subfield code="a">BRCA</subfield>
    <subfield code="b">BRCA</subfield>
    <subfield code="d">2008-11-20</subfield>
    <subfield code="i">QM93</subfield>
    <subfield code="l">0</subfield>
    <subfield code="o">113 .A38 1833 (QM93)</subfield>
    <subfield code="p">2470</subfield>
    <subfield code="r">2019-03-22 00:00:00</subfield>
    <subfield code="w">2019-03-22</subfield>
    <subfield code="y">B</subfield>
  </datafield>
</record>
